000 00748nam a2200265Ia 4500
001 Para_4031
003 CHAP
008 220125s1900 xx 000 0 und d
010 _a201805
040 _cCHAP
090 _aPA FOLLETO 1427
100 _aPettit, Rufus H
_987700
245 _aSome insects of the year 1899 /
_c Rufus H. Pettit
260 _aEast Lansing, Michigan :
_b State Agricultural College
300 _a118-141 p.
440 _aMichigan. Sta. Agr. Coll. Bull; 180
_9166730
650 _aInsectos
_x Identificación
_958929
901 _aPA FOLLETO 1427
902 _aA
905 _a0000001900 EAS 0000000000 00
910 _a1900
942 _cPARA
942 _cPARA
_d1
999 _c201805
_d201805